| 000 | 00741nam a2200205 i 4500 | ||
|---|---|---|---|
| 001 | 42013 | ||
| 003 | ES-MaACL | ||
| 005 | 20250901024052.0 | ||
| 007 | t| | ||
| 008 | 030312s1957 cu ||||1| spa d | ||
| 100 | 1 |
_aCarbonell y Rivero, Néstor. _935074 |
|
| 245 | 1 | 0 |
_aElogio del Sr. Gerardo Castellanos García / _cleído por el académico Néstor Carbonell y Rivero el 22 de febrero de 1957. |
| 260 |
_aLa Habana : _b[s.n., _c1957] ( _fImp. El Siglo XX) |
||
| 300 |
_a26 p. ; _c24 cm. |
||
| 500 | _aPrecede al tít.: Academia de la Historia de Cuba. | ||
| 600 | 1 | 4 |
_aCastellanos G., Gerardo, _d1879-1956 _936523 |
| 710 | 2 |
_aAcademia de la Historia de Cuba. _91183 |
|
| 852 |
_aES-MaACL _j1980-F-22 _bR.40642 |
||
| 999 |
_c42013 _d42013 |
||